000 00684nam a22002297a 4500
003 UA-OsUOA
001 51355
007 ta
008 20140902b un ||||| |||| 00| 0 ukr d
090 _a061
_bХ94
942 _cBK
040 _aUA-OsUOA
_bukr
_cUA-OsUOA
_dUA-OsUOA
245 _aХроніка Наукового товариства ім. Шевченка
_b2002 рік
300 _a251 с.
955 _a1
041 _aukr
080 _a061
260 _aЛьвів; Н.-Й.
_bНТШ
_c2003
650 7 _a0 Загальний відділ.
_2UDC
999 _c431483
_d431483